El humor y la rabia (Record no. 120)

MARC details
000 - LÍDER
campo de control de longitud fija 01092nam a2200205Ia 4500
008 - ELEMENTOS DE DATOS DE LONGITUD FIJA - INFORMACIÓN GENERAL
campo de control de longitud fija 000000[2001] sp a 0000000000spa00
020 ## - INTERNATIONAL STANDARD BOOK NUMBER
International Standard Book Number 8489860246
090 ## - NÚMERO DE LLAMADA DE TIPO LC LOCALMENTE ASIGNADO (OCLC)
Número de clasificación (OCLC) (R) PUS00 C15h
100 1# - ENTRADA PRINCIPAL - NOMBRE PERSONAL
Nombre de la persona Cannon, Steve
245 13 - TÍTULO DECLARACIÓN
Título El humor y la rabia
Resto del título : cinco pintores contemporáneos de Estados Unidos
Declaración de responsabilidad / textos Steve Cannon, Lucy R. Lippard, Mireia Sentís ; fotografías Peter Bellamy, Johnny Betancourt ... [et al. ]
260 ## - PUBLICACIÓN, DISTRIBUCIÓN
Lugar de publicación Barcelona : Fundació Caixa Catalunya
Fecha de publicación 2001
300 ## - DESCRIPCIÓN FÍSICA
Alcance 144 p.
Dimensiones / 26 cm.
500 ## - NOTA GENERAL
Nota general Con el patronazgo del maestro venezolano Jesús Rafael Soto (q.e.p.d.)
600 00 - ENTRADA DE SUJETO AÑADIDO - NOMBRE PERSONAL
Nombre de la persona COLESCOTT, ROBERT, 1925/
Subdivisión general TRABAJOS PICTORICOS \ APPLEBROOG, IDA, 1929/
-- TRABAJOS PICTORICOS \ LONGFISH, GEORGE, 1942 /
-- TRABAJOS PICTORICOS \ WONG, MARTIN, 1946/
-- TRABAJOS PICTORICOS \ ROCHERABELL, ARNALDO, 1955 /
-- TRABAJOS PICTORICOS
650 14 - ENTRADA DE SUJETO AÑADIDO - TÉRMINO TÓPICO
Término tópico o elemento de entrada del nombre geográfico PINTURA MODERNA ESTADOUNIDENSE
650 14 - ENTRADA DE SUJETO AÑADIDO - TÉRMINO TÓPICO
Subdivisión general CATALOGOS
650 14 - ENTRADA DE SUJETO AÑADIDO - TÉRMINO TÓPICO
Término tópico o elemento de entrada del nombre geográfico PINTORES ESTADOUNIDENSES
650 14 - ENTRADA DE SUJETO AÑADIDO - TÉRMINO TÓPICO
Término tópico o elemento de entrada del nombre geográfico PINTURA ESTADOUNIDENSE
700 1# - ENTRADA AGREGADA - NOMBRE PERSONAL
Nombre de la persona Lippard, Lucy R. \ Sentis, Mireia \ Bellamy, Peter \ Betancourt, Johnny
Holdings
Estado de retirada Pérdida de estatus Estado dañado No para préstamo Código de recogida Ubicación permanente Ubicación actual Ubicación de las estanterías Fecha de adquisición Número de llamada completo Código de barras Fecha de la última vez que se vio Número de copia Precio efectivo desde Tipo de artículo Koha
        General ArtNexus ArtNexus General 06/09/2022 P-US-00 C15H 120 06/09/2022 Ej.1 06/09/2022 Libro

Powered by Koha